| 000 | 01219cam a22003491 4500 | ||
|---|---|---|---|
| 001 | he 68004748 | ||
| 003 | DLC | ||
| 005 | 20260227111509.0 | ||
| 008 | 780901s1966 is a 000 0 eng | ||
| 010 | _ahe 68004748 | ||
| 035 | _a(OCoLC)4186137 | ||
| 040 |
_aDLC _cGStG _dDLC |
||
| 042 | _apremarc | ||
| 050 | 0 | 0 |
_aQE319.I8 _bA26 no. 40 |
| 082 |
_a555.694/08s _a560/.176 |
||
| 100 | 1 | _aMaync, Wolf. | |
| 245 | 1 | 0 | _aMicrobiostratigraphy of the Jurassic of Israel. |
| 260 |
_aJerusalem, _c1966. |
||
| 300 |
_aii, 56 p. _billus. _c28 cm. |
||
| 490 | 1 |
_aG. S. I. bulletin, _vno. 40 |
|
| 490 | 1 | _aThe Institute for Petroleum Research and Geophysics. Report 1007 | |
| 500 | _aCover title. | ||
| 500 | _aAdded cover title: Mikrobiyostratografyah shel ha-yura be-Yisrael (romanized) | ||
| 500 | _aSome of illustrative matter in pocket. | ||
| 500 | _aSummary also in Hebrew. | ||
| 504 | _aBibliography: p. 38-45. | ||
| 650 | 0 |
_aGeology, Stratigraphic _yJurassic. |
|
| 650 | 0 |
_aMicropaleontology _zIsrael. |
|
| 740 | 0 | _aMikrobiyostratografyah shel ha-Yura be-Yisrael. | |
| 810 | 2 |
_aMakhon ha-geʼologi (Israel). _tBulletin ; _vno. 40. |
|
| 810 | 2 |
_aha-Makhon le-mehkere neft ve-ge ófisikah. _tReport ; _v1007. |
|
| 999 |
_c34152 _d34152 |
||